Statistics for Smallest Countries with at Least One Border

Click here to take the quiz!

General Stats

  • This quiz has been taken 56,901 times
    (56,765 since last reset)
  • The average score is 14 of 20

Answer Stats

sq kmborderscountry% Correct
0.441Vatican City
99%
611San Marino
93%
1602Liechtenstein
92%
2.021Monaco
92%
4682Andorra
89%
2,5863Luxembourg
88%
5,7651Brunei
72%
11,5861Qatar
72%
14,9191East Timor
67%
22,9662Belize
65%
17,3642Eswatini
64%
17,8182Kuwait
64%
10,8874Kosovo
59%
20,7704Israel
56%
21,0412El Salvador
55%
10,4522Lebanon
55%
23,2003Djibouti
54%
13,8124Montenegro
53%
11,2951Gambia
51%
20,2734Slovenia
34%

Score Distribution

Percentile by Number Answered

Percent of People with Each Score

Your Score History

You have not taken this quiz since the last reset